Bharatiya prasashan (Record no. 8644)

MARC details
000 -LEADER
fixed length control field 00515cam a2200205ua 4500
008 - FIXED-LENGTH DATA ELEMENTS--GENERAL INFORMATION
fixed length control field 160310n ii |||gr||||Z||||||asm
040 ## - CATALOGING SOURCE
Transcribing agency MAIN
041 ## - LANGUAGE CODE
-- asm
082 ## - DEWEY DECIMAL CLASSIFICATION NUMBER
Classification number 351.54
100 ## - MAIN ENTRY--PERSONAL NAME
Personal name Gogoi, Purandar,
Relator term
245 1# - TITLE STATEMENT
Title Bharatiya prasashan
Statement of responsibility, etc. by Purandar Gogoi
250 ## - EDITION STATEMENT
Edition statement 2nd ed.
260 ## - PUBLICATION, DISTRIBUTION, ETC.
Place of publication, distribution, etc. Dibrugarh:
Name of publisher, distributor, etc. Banalata,
Date of publication, distribution, etc. 2016.
300 ## - PHYSICAL DESCRIPTION
Extent 226p.
942 ## - ADDED ENTRY ELEMENTS (KOHA)
Koha item type Books
653 ## - INDEX TERM--UNCONTROLLED
Uncontrolled term Public administration
653 ## - INDEX TERM--UNCONTROLLED
Uncontrolled term Indian administration
653 ## - INDEX TERM--UNCONTROLLED
Uncontrolled term Public administration in India
Holdings
Withdrawn status Lost status Damaged status Not for loan Home library Current library Shelving location Date acquired Total Checkouts Full call number Barcode Date last seen Date last checked out Copy number Price effective from Koha item type
        Central Library, Naharkatiya College Central Library, Naharkatiya College General Stacks 19/09/2020 4 351.54 | GOG 23165 25/04/2022 22/04/2022 2 19/09/2020 Books
        Central Library, Naharkatiya College Central Library, Naharkatiya College General Stacks 19/09/2020 3 351.54 | GOG 23166 27/04/2022 07/01/2022 1 19/09/2020 Books

Naharkatiya College © 2020. All rights reserved.

Powered By